00332 2200145 4500001002100000005001500021035002000036245004200056100001100098300001200109260003100121082000800152084001400160990001200174INLIS00000000000191320250521072033 a0010-05250002051 aLupus :bBohong Itu Nyontek /cHilman0 aHilman a128 hlm aJakarta :bGramedia,c2003 a813 a813 HIL l a0713432